[Event "Pan American Intercollegiate-chT"]
[Site "Dulles"]
[Date "2022.01.07"]
[Round "2.2"]
[White "Premkumar, Hiren"]
[Black "Vorontsov, Pavlo"]
[Result "0-1"]
[WhiteElo "1819"]
[BlackElo "2510"]
[PlyCount "60"]
[EventDate "2022.01.06"]
[EventType "team-swiss"]
[EventRounds "6"]
[EventCountry "USA"]
[SourceTitle "EXT 2023"]
[Source "ChessBase"]
[SourceDate "2022.10.05"]
[SourceVersion "1"]
[SourceVersionDate "2022.10.05"]
[SourceQuality "1"]
[WhiteTeam "Arizona State Univ II"]
[BlackTeam "Texas Tech Univ"]
[WhiteTeamCountry "USA"]
[BlackTeamCountry "USA"]

1. d4 Nf6 2. c4 e6 3. Nc3 Bb4 4. e3 b6 5. f3 c5 6. d5 Ba6 7. e4 exd5 8. cxd5 Bxf1 9. Kxf1 d6 10. Nge2 0-0 11. g3 a6 12. a4 Nbd7 13. Kg2 Ne5 14. Qc2 Rb8 15. Re1 Qd7 16. f4 Nc4 17. b3 Na5 18. Rb1 Nxe4 19. Nxe4 Bxe1 20. Bb2 f5 21. Ng5 Bb4 22. g4 Rbe8 23. Ng3 Qb7 24. Rd1 h6 25. Nxf5 Rxf5 26. Qxf5 hxg5 27. fxg5 Qf7 28. Qd3 Qe7 29. Qg6 Qe2+ 30. Kh3 Re3+ 0-1

[Event "Las Vegas National op"]
[Site "Las Vegas"]
[Date "2021.06.19"]
[Round "7"]
[White "Vorontsov, Pavlo"]
[Black "Griffith, Kyron"]
[Result "0-1"]
[WhiteElo "2540"]
[BlackElo "2351"]
[PlyCount "68"]
[EventDate "2021.06.16"]
[EventType "swiss"]
[EventRounds "9"]
[EventCountry "USA"]
[SourceTitle "CBM 203 Extra"]
[Source "ChessBase"]
[SourceDate "2021.09.30"]
[SourceVersion "1"]
[SourceVersionDate "2021.09.30"]
[SourceQuality "1"]

1. d4 Nf6 2. Nf3 e6 3. c4 d5 4. Bg5 dxc4 5. Qa4+ Nbd7 6. Nbd2 a6 7. Qxc4 c5 8. Bxf6 gxf6 9. dxc5 Bxc5 10. g3 Qb6 11. e3 Qxb2 12. Rb1 Qa3 13. Bg2 b5 14. Qe4 Rb8 15. 0-0 Bb7 16. Qh4 Qxa2 17. Nb3 Be7 18. Nfd4 f5 19. Qh6 Bf8 20. Qh5 Nf6 21. Qd1 Nd5 22. Qd3 Nb4 23. Qc3 Rc8 24. Nc6 Rg8 25. Nxb4 Qxb1 26. Nc6 b4 27. Qc4 Qa2 28. Ra1 Qb2 29. Rc1 Be7 30. Nba5 Bxc6 31. Nxc6 b3 32. Rd1 Qc2 33. Qxc2 bxc2 34. Rc1 Bd6 0-1

[Event "USA-chT College final"]
[Site "ICC INT"]
[Date "2021.04.04"]
[Round "6"]
[White "Bok, Benjamin"]
[Black "Vorontsov, Pavlo"]
[Result "0-1"]
[WhiteElo "2624"]
[BlackElo "2540"]
[PlyCount "148"]
[EventDate "2021.04.03"]
[EventType "team-tourn (rapid)"]
[EventRounds "6"]
[EventCountry "USA"]
[SourceTitle "CBM 201 Extra"]
[Source "ChessBase"]
[SourceDate "2021.05.31"]
[SourceVersion "1"]
[SourceVersionDate "2021.05.31"]
[SourceQuality "1"]
[WhiteTeam "St Louis Univ"]
[BlackTeam "Texas Tech Univ"]
[WhiteTeamCountry "USA"]
[BlackTeamCountry "USA"]

1. Nf3 d5 2. d4 Nf6 3. c4 e6 4. Nc3 Bb4 5. cxd5 exd5 6. Bf4 0-0 7. e3 Bf5 8. Qb3 c5 9. dxc5 Nc6 10. Rd1 Qa5 11. a3 Bxc5 12. Be2 Bb6 13. 0-0 Be6 14. Ng5 Rad8 15. Nxe6 fxe6 16. Nb5 a6 17. Nd6 Rd7 18. Qc2 Qc5 19. Qxc5 Bxc5 20. Nxb7 Rxb7 21. Rc1 Ne4 22. b4 Nxb4 23. axb4 Rxb4 24. Bxa6 Rb2 25. Bd3 Nxf2 26. Rxf2 Rxf4 27. exf4 Bxf2+ 28. Kf1 Be3 29. Rc8+ Kf7 30. Bxh7 Rf2+ 31. Ke1 Rxg2 32. Bg8+ Ke7 33. Rc6 Bxf4 34. Rxe6+ Kf8 35. Bh7 Kf7 36. Re2 Rxe2+ 37. Kxe2 Bxh2 38. Ke3 Be5 39. Bf5 Kf6 40. Bc8 Kg5 41. Be6 d4+ 42. Ke4 Bf6 43. Bc4 Kg4 44. Be6+ Kg3 45. Bc8 g5 46. Bd7 g4 47. Bf5 Kh4 48. Kf4 g3 49. Kf3 Kg5 50. Bd3 Be5 51. Bf1 Kf6 52. Bh3 Ke7 53. Ke4 Kd6 54. Bf1 Kc5 55. Kd3 Kb4 56. Bg2 Kb3 57. Bf1 Kb2 58. Kd2 Bf4+ 59. Kd3 Be3 60. Bh3 Kc1 61. Ke2 Kc2 62. Bf5+ Kc3 63. Be4 Bf4 64. Bf5 Bd6 65. Bg6 Be7 66. Bf5 Bh4 67. Be4 d3+ 68. Kd1 Kd4 69. Bc6 Ke3 70. Bd5 d2 71. Bc6 Bg5 72. Bd5 Kf2 73. Bc6 g2 74. Bxg2 Kxg2 0-1

[Event "FIDE World Uni Rapid-D 1st"]
[Site "Tornelo INT"]
[Date "2021.03.20"]
[Round "6"]
[White "Muha, Miljenko"]
[Black "Vorontsov, Pavlo"]
[Result "0-1"]
[WhiteElo "2290"]
[BlackElo "2540"]
[PlyCount "80"]
[EventDate "2021.03.20"]
[EventType "swiss (rapid)"]
[EventRounds "12"]
[EventCountry "NET"]
[SourceTitle "EXT 2022"]
[Source "ChessBase"]
[SourceDate "2021.10.06"]
[SourceVersion "1"]
[SourceVersionDate "2021.10.06"]
[SourceQuality "1"]

1. d4 Nf6 2. c4 e6 3. Nf3 b6 4. e3 Bb7 5. Bd3 d5 6. 0-0 Bd6 7. b3 0-0 8. Bb2 Nbd7 9. Nbd2 Ne4 10. Qc2 f5 11. cxd5 exd5 12. Ne5 Qe7 13. f4 Ndf6 14. Nxe4 dxe4 15. Bc4+ Nd5 16. Qe2 Kh8 17. Rac1 a6 18. a4 Rf6 19. g3 Qe8 20. Kh1 Nb4 21. Kg1 Nd3 22. Bxd3 exd3 23. Qxd3 Bd5 24. Rf2 Qe6 25. Rc3 Rh6 26. b4 Be4 27. Qc4 Bd5 28. Qd3 Rf8 29. Ba3 Rh3 30. Nf3 Qh6 31. Qe2 b5 32. axb5 axb5 33. Rc1 c6 34. Rb1 Re8 35. Bc1 Qh5 36. Bd2 Bxf4 37. Ne5 Bxg3 38. Qxh5 Bxf2+ 39. Kxf2 Rxh5 40. Nf3 Rh3 0-1

[Event "FIDE World Uni Rapid-D 1st"]
[Site "Tornelo INT"]
[Date "2021.03.20"]
[Round "5"]
[White "Vorontsov, Pavlo"]
[Black "Sargsyan, Anna M"]
[Result "1-0"]
[WhiteElo "2540"]
[BlackElo "2380"]
[PlyCount "119"]
[EventDate "2021.03.20"]
[EventType "swiss (rapid)"]
[EventRounds "12"]
[EventCountry "NET"]
[SourceTitle "EXT 2022"]
[Source "ChessBase"]
[SourceDate "2021.10.06"]
[SourceVersion "1"]
[SourceVersionDate "2021.10.06"]
[SourceQuality "1"]

1. c4 c6 2. d4 d5 3. e3 Nf6 4. Nc3 e6 5. Nf3 Nbd7 6. Qc2 Bd6 7. b3 0-0 8. Be2 b6 9. 0-0 Bb7 10. Bb2 Rc8 11. Rad1 Re8 12. e4 dxe4 13. Nxe4 Bb8 14. c5 Nxe4 15. Qxe4 Qc7 16. g3 Nf6 17. Qc2 Nd5 18. Ng5 f5 19. Rfe1 h6 20. Nf3 Qf7 21. Bf1 Rcd8 22. Ne5 Bxe5 23. Rxe5 Nf6 24. Ree1 Rd7 25. a4 Red8 26. Bc4 Nd5 27. Qe2 Re7 28. Qe5 Bc8 29. Rd2 Rde8 30. Rde2 Qf6 31. Ba3 Rf7 32. Bxd5 cxd5 33. c6 Qxe5 34. Rxe5 Rc7 35. Rc1 Rd8 36. b4 a5 37. b5 Kf7 38. h4 h5 39. Rce1 Kf6 40. Bc1 Kf7 41. Bf4 Ra7 42. R5e2 Re8 43. Be5 g6 44. f3 Rg8 45. Kf2 Ke8 46. Rg1 Rf7 47. Ke3 Kd8 48. Kd3 Rh7 49. Rh2 Rf8 50. Rh3 Rff7 51. g4 hxg4 52. fxg4 g5 53. gxf5 Rxf5 54. Rhg3 Rxh4 55. Rxg5 Rf8 56. Rg8 Rh3+ 57. Ke2 Rhf3 58. Rxf8+ Rxf8 59. Rg7 Ke8 60. Bd6 1-0

[Event "Pan American Intercollegiate-chT"]
[Site "Chess.com INT"]
[Date "2021.01.06"]
[Round "7"]
[White "Brodsky, David"]
[Black "Vorontsov, Pavlo"]
[Result "1-0"]
[WhiteElo "2455"]
[BlackElo "2540"]
[PlyCount "77"]
[EventDate "2021.01.04"]
[EventType "team-swiss (rapid)"]
[EventRounds "9"]
[EventCountry "USA"]
[SourceTitle "CBM 200 Extra"]
[Source "ChessBase"]
[SourceDate "2021.03.31"]
[SourceVersion "1"]
[SourceVersionDate "2021.03.31"]
[SourceQuality "1"]
[WhiteTeam "Texas Dallas Univ III"]
[BlackTeam "Texas Tech Univ"]
[WhiteTeamCountry "USA"]
[BlackTeamCountry "USA"]

1. e4 c5 2. Nf3 d6 3. d4 cxd4 4. Nxd4 Nf6 5. Nc3 Bd7 6. Bg5 e6 7. Qf3 Nc6 8. 0-0-0 a6 9. Be2 Be7 10. Kb1 b5 11. Nxc6 Bxc6 12. Qg3 b4 13. e5 bxc3 14. exf6 gxf6 15. Qxc3 Bxg2 16. Rhg1 Be4 17. Qd4 d5 18. Bh6 Bg6 19. h4 Rc8 20. Bxa6 Bc5 21. Qa4+ Ke7 22. Bxc8 Qxc8 23. Rg3 Bd6 24. Rc3 Qb7 25. Qc6 Rb8 26. Qxb7+ Rxb7 27. Be3 Be5 28. Bd4 Bf4 29. a4 Bc7 30. Ka2 Ba5 31. Rc5 Bc7 32. a5 e5 33. Be3 d4 34. Bd2 Ra7 35. Bb4 Bd6 36. c3 Ke6 37. Rc6 Bc2 38. Rxd6+ Kf5 39. Rd2 1-0

[Event "Texas Collegiate Finals"]
[Site "chess24.com INT"]
[Date "2020.10.17"]
[Round "2.1"]
[White "Bajarani, Ulvi"]
[Black "Vorontsov, Pavlo"]
[Result "1/2-1/2"]
[WhiteElo "2458"]
[BlackElo "2540"]
[PlyCount "88"]
[EventDate "2020.10.17"]
[EventType "team-tourn (rapid)"]
[EventRounds "8"]
[EventCountry "USA"]
[SourceTitle "CBM 198 Extra"]
[Source "ChessBase"]
[SourceDate "2020.11.30"]
[SourceVersion "1"]
[SourceVersionDate "2020.11.30"]
[SourceQuality "1"]
[WhiteTeam "Texas Rio Grande Valley Univ II"]
[BlackTeam "Texas Tech Univ"]
[WhiteTeamCountry "USA"]
[BlackTeamCountry "USA"]

1. d4 g6 2. c4 Bg7 3. Nc3 d6 4. e4 e5 5. dxe5 dxe5 6. Qxd8+ Kxd8 7. Bg5+ f6 8. 0-0-0+ Bd7 9. Be3 Nh6 10. h3 Nc6 11. g3 Kc8 12. f4 Nf7 13. c5 Nfd8 14. Nf3 Bh6 15. Nd5 Rf8 16. Kb1 f5 17. Bb5 exf4 18. gxf4 fxe4 19. Ne7+ Nxe7 20. Bxd7+ Kb8 21. Ne5 Bg7 22. Bg4 Bxe5 23. fxe5 Ndc6 24. Bh6 Rf2 25. e6 b6 26. Rhe1 Nf5 27. Be3 Nxe3 28. Rxe3 Kb7 29. Rxe4 Re8 30. cxb6 axb6 31. Re3 Rf6 32. Rde1 Ne7 33. Bf3+ c6 34. Rd1 Nd5 35. Bxd5 cxd5 36. Rxd5 Rexe6 37. Rxe6 Rxe6 38. Rd7+ Kc6 39. Rxh7 Re2 40. Rh6 Rg2 41. a3 Kc5 42. Ka2 b5 43. Rh8 g5 44. Rc8+ Kb6 1/2-1/2

[Event "Texas Collegiate Finals"]
[Site "chess24.com INT"]
[Date "2020.10.17"]
[Round "4.1"]
[White "Vorontsov, Pavlo"]
[Black "Hevia Alejano, Carlos Antonio"]
[Result "1-0"]
[WhiteElo "2540"]
[BlackElo "2467"]
[PlyCount "89"]
[EventDate "2020.10.17"]
[EventType "team-tourn (rapid)"]
[EventRounds "8"]
[EventCountry "USA"]
[SourceTitle "CBM 198 Extra"]
[Source "ChessBase"]
[SourceDate "2020.11.30"]
[SourceVersion "1"]
[SourceVersionDate "2020.11.30"]
[SourceQuality "1"]
[WhiteTeam "Texas Tech Univ"]
[BlackTeam "Texas Dallas Univ"]
[WhiteTeamCountry "USA"]
[BlackTeamCountry "USA"]

1. c4 c5 2. g3 Nc6 3. Bg2 g6 4. Nc3 Bg7 5. b3 d6 6. Bb2 e5 7. e3 Nge7 8. Nge2 h5 9. h4 Be6 10. Ne4 Bf5 11. N2c3 Qd7 12. d3 Rd8 13. Qd2 b6 14. Nb5 Nc8 15. 0-0 0-0 16. f4 Bxe4 17. Bxe4 f5 18. Bf3 N8e7 19. Nc3 Nb4 20. Rad1 Nxd3 21. Qxd3 e4 22. Bxe4 fxe4 23. Qxe4 Qg4 24. Qf3 Nf5 25. Qxg4 hxg4 26. Kf2 Rfe8 27. Rfe1 Bxc3 28. Bxc3 Re4 29. Rd5 Rde8 30. Bd2 Kf7 31. Rd3 a6 32. a4 Kg7 33. Rh1 Kh6 34. Re1 Rb8 35. Rd5 Kh5 36. Ke2 Rbe8 37. Kf2 Rb8 38. Ke2 Rbe8 39. Kd3 Kh6 40. h5 Nxg3 41. hxg6 Kxg6 42. Rg1 Nf5 43. Rxg4+ Kf6 44. Bc3+ Nd4 45. Rg3 1-0

[Event "Pan American Intercollegiate-chT"]
[Site "Charlotte"]
[Date "2019.12.29"]
[Round "5.1"]
[White "Vorontsov, Pavlo"]
[Black "Theodorou, Nikolas"]
[Result "1-0"]
[WhiteElo "2539"]
[BlackElo "2555"]
[PlyCount "65"]
[EventDate "2019.12.27"]
[EventType "team-swiss"]
[EventRounds "6"]
[EventCountry "USA"]
[SourceTitle "CBM 194 Extra"]
[Source "ChessBase"]
[SourceDate "2020.03.31"]
[SourceVersion "1"]
[SourceVersionDate "2020.03.31"]
[SourceQuality "1"]
[WhiteTeam "Texas Tech Univ"]
[BlackTeam "St Louis Univ"]
[WhiteTeamCountry "USA"]
[BlackTeamCountry "USA"]

1. c4 Nf6 2. Nc3 g6 3. d4 Bg7 4. e4 d6 5. Nge2 0-0 6. Ng3 h5 7. Be2 b5 8. Bf3 e5 9. dxe5 Ng4 10. exd6 Nc6 11. Bxg4 Bxg4 12. f3 Be6 13. cxb5 Ne5 14. f4 Bg4 15. Nge2 Nc4 16. Qd3 Nxd6 17. 0-0 a6 18. bxa6 Bc8 19. f5 gxf5 20. exf5 Nxf5 21. Qe4 Rxa6 22. Rxf5 Re8 23. Rd5 Rd6 24. Rxd6 cxd6 25. Qf3 Bxc3 26. Nxc3 Qb6+ 27. Be3 Rxe3 28. Qf2 Bb7 29. Rf1 f5 30. Nd1 Re2 31. Qxb6 Rxg2+ 32. Kh1 Be4 33. Rf3 1-0

[Event "Las Vegas National op"]
[Site "Las Vegas"]
[Date "2019.06.17"]
[Round "9"]
[White "Ostrovskiy, Aleksandr A"]
[Black "Vorontsov, Pavlo"]
[Result "1/2-1/2"]
[WhiteElo "2437"]
[BlackElo "2553"]
[PlyCount "36"]
[EventDate "2019.06.12"]
[EventType "swiss"]
[EventRounds "9"]
[EventCountry "USA"]
[SourceTitle "CBM 190 Extra"]
[Source "ChessBase"]
[SourceDate "2019.07.15"]
[SourceVersion "1"]
[SourceVersionDate "2019.07.15"]
[SourceQuality "1"]

1. e4 c5 2. Nf3 d6 3. Bb5+ Bd7 4. Bxd7+ Nxd7 5. 0-0 Ngf6 6. Qe2 Rc8 7. c3 e6 8. d4 cxd4 9. cxd4 d5 10. e5 Ne4 11. Be3 Nb6 12. Ne1 f5 13. f3 Ng5 14. b3 Nf7 15. Nd3 Be7 16. a4 0-0 17. Nd2 Nd7 18. b4 Re8 1/2-1/2

[Event "Las Vegas National op"]
[Site "Las Vegas"]
[Date "2019.06.15"]
[Round "7"]
[White "Nyzhnyk, Illya"]
[Black "Vorontsov, Pavlo"]
[Result "1-0"]
[WhiteElo "2649"]
[BlackElo "2553"]
[PlyCount "81"]
[EventDate "2019.06.12"]
[EventType "swiss"]
[EventRounds "9"]
[EventCountry "USA"]
[SourceTitle "CBM 190 Extra"]
[Source "ChessBase"]
[SourceDate "2019.07.15"]
[SourceVersion "1"]
[SourceVersionDate "2019.07.15"]
[SourceQuality "1"]

1. c4 e5 2. Nc3 Nf6 3. Nf3 Nc6 4. e3 g6 5. d4 d6 6. dxe5 Nxe5 7. Nxe5 dxe5 8. Qxd8+ Kxd8 9. b3 c6 10. Bb2 Bb4 11. 0-0-0+ Ke7 12. h3 Be6 13. g4 Rhd8 14. Bd3 h5 15. f3 Bc5 16. Rhe1 hxg4 17. hxg4 Rh8 18. g5 Nd7 19. Ne4 Bb4 20. Rh1 Rxh1 21. Rxh1 Nc5 22. Nf2 Nd7 23. Kd1 a6 24. Ke2 Rg8 25. Be4 Bd6 26. Nd3 Rc8 27. Rh7 Rg8 28. f4 exf4 29. exf4 b5 30. cxb5 cxb5 31. Bg7 Kd8 32. Bc3 Nc5 33. Ba5+ Ke7 34. Nxc5 Bxc5 35. Kf3 Bd6 36. Bc3 Rc8 37. Bf6+ Ke8 38. Bb7 Rc2 39. Bxa6 Bd5+ 40. Ke3 Bc6 41. Bc8 1-0